000 00492nam a2200181Ia 4500
008 090124s9999 xx 000 0 und d
082 _b121450
100 _aमडकईकर भालचंद्र
245 _a उल्का
250 _a1
260 _c1986
300 _a204
600 _aमडकईकर भालचंद्र
630 _a उल्का
700 _aमडकईकर भालचंद्र
730 _a उल्का
942 _cBOOK
999 _c167536
_d167536